Statistics for Ash's Pokemon (up till now)

Click here to take the quiz!

General Stats

  • This quiz has been taken 894 times
  • The average score is 24 of 42

Answer Stats

Answer% Correct
On hand (Kanto, Starter)Pikachu
99%
With Oak (Kanto)Charizard
90%
With Oak (Kanto)Bulbasaur
86%
In training (Kanto)Squirtle
85%
Released (Kanto)Butterfree
81%
Released (Kanto)Pidgeot
74%
With Oak (Kanto)Tauros
69%
Released (Orange Islands)Lapras
68%
With Oak (Johto)Bayleef
65%
With Oak (Kanto)Muk
65%
With Oak (Johto)Totodile
64%
With Oak (Sinnoh)Infernape
62%
With Oak (Johto)Quilava
62%
With Oak (Hoenn)Sceptile
61%
With Oak (Orange Islands)Snorlax
60%
With Oak (Unova)Snivy
59%
With Oak (Johto)Noctowl
57%
In training (Kanto)Primeape
57%
On hand (Kalos)Froakie
56%
With Oak (Kanto)Kingler
56%
With Oak (Sinnoh)Torterra
56%
With Oak (Unova)Oshawott
55%
With Oak (Unova)Pignite
55%
With Oak (Hoenn)Swellow
54%
Traded away (Hoenn)Aipom
53%
With Oak (Sinnoh)Staraptor
53%
With Oak (Johto)Heracross
51%
With Oak (Sinnoh)Buizel
49%
Traded away (Kanto)Raticate
49%
With Oak (Sinnoh)Gliscor
47%
With Oak (Unova)Unfezant
47%
On hand (Kalos)Fletchling
46%
With Oak (Johto)Donphan
43%
With Oak (Hoenn)Torkoal
43%
With Oak (Hoenn)Corphish
42%
With Oak (Sinnoh)Gible
42%
With Oak (Hoenn)Glalie
42%
With Oak (Unova)Krookodile
38%
With Oak (Unova)Leavanny
38%
With Oak (Unova)Boldore
36%
With Oak (Unova)Scraggy
36%
With Oak (Unova)Palpitoad
35%

Score Distribution

Percentile by Number Answered

Percent of People with Each Score

Your Score History

You have not taken this quiz